Faculty of Law Library — Cairo University

Official Online Catalog

المسئولية الجنائية للشخص المسيطر فى نطاق قوانين حماية المنافسة : (Record no. 42358)

MARC details
000 -LEADER
fixed length control field 02065nam a22004457a 4500
003 - CONTROL NUMBER IDENTIFIER
control field EG-GICUC
005 - أخر تعامل مع التسجيلة
control field 20260121101206.0
008 - FIXED-LENGTH DATA ELEMENTS--GENERAL INFORMATION
fixed length control field 251110s2025 ua ||||fr|||| 000 0 ara d
040 ## - CATALOGING SOURCE
Original cataloguing agency EG-GICUC
Transcribing agency EG-GICUC
Modifying agency EG-GICUC
Description conventions rda
Language of cataloging: ara
041 0# - LANGUAGE CODE
Language code of text/sound track or separate title ara
Language code of sung or spoken text ara
049 ## - Acquisition Source
Acquisition Source إيداع
082 04 - DEWEY DECIMAL CLASSIFICATION NUMBER
Classification number 343.14
Edition number 21
097 ## - Degree
Degree Ph.D
099 ## - LOCAL FREE-TEXT CALL NUMBER (OCLC)
Local Call Number Law 10 PHD 2025
100 0# - MAIN ENTRY--PERSONAL NAME
Authority record control number or standard number خالد ضياء الدين دياب عبدالجواد
Preparation مؤلف.
245 10 - TITLE STATEMENT
Title المسئولية الجنائية للشخص المسيطر فى نطاق قوانين حماية المنافسة :
Remainder of title دراسة مقارنة /
Statement of responsibility, etc. اعداد خالد ضياء الدين دياب عبدالجواد ؛ اشراف عمرو محمد محمد سالم .
264 #0 - PRODUCTION, PUBLICATION, DISTRIBUTION, MANUFACTURE, AND COPYRIGHT NOTICE
Place of production, publication, distribution, manufacture القاهرة :
Name of producer, publisher, distributor, manufacturer كلية الحقوق - جامعة القاهرة,
Date of production, publication, distribution, manufacture, or copyright notice 2025.
300 ## - PHYSICAL DESCRIPTION
Extent 258 صفحة :
Other physical details illustrations ; إيضاحيات ؛
Dimensions 30 cm. +
Accompanying material CD.
336 ## - CONTENT TYPE
Content type term text
Source rda content
337 ## - MEDIA TYPE
Media type term Computer
Source rda media
338 ## - CARRIER TYPE
Carrier type term Online Resource
Source rda carrier
502 ## - DISSERTATION NOTE
Dissertation note أطروحة (دكتوراه)-جامعة القاهرة، 2025.
504 ## - BIBLIOGRAPHY, ETC. NOTE
Bibliography, etc. note يشتمل على إرجاعات بيبليوجرافية: 230-251 صفحة
546 ## - LANGUAGE NOTE
Text Language النص بالعربية والملخص بالإنجليزية.
650 04 - SUBJECT ADDED ENTRY--TOPICAL TERM
Topical term or geographic name entry element المسئولية الجنائية
Source of heading or term qrmak
653 #0 - INDEX TERM--UNCONTROLLED
Uncontrolled term جرائم اقتصادية
653 #0 - INDEX TERM--UNCONTROLLED
Uncontrolled term الشخص المسيطر
653 #0 - INDEX TERM--UNCONTROLLED
Uncontrolled term محكمة اقتصادية
653 #0 - INDEX TERM--UNCONTROLLED
Uncontrolled term تصالح
653 #0 - INDEX TERM--UNCONTROLLED
Uncontrolled term السوق المعنية
655 #4 - INDEX TERM--GENRE/FORM
Genre/form data or focus term رسائل جامعية
Geographic subdivision جامعة القاهرة
700 0# - ADDED ENTRY--PERSONAL NAME
Personal name عمر محمد محمد سالم
Relator term
700 0# - ADDED ENTRY--PERSONAL NAME
Personal name أحمد عوض بلال
Relator term
700 0# - ADDED ENTRY--PERSONAL NAME
Personal name محدم سامي الشوا
Relator term
710 2# - ADDED ENTRY--CORPORATE NAME
Corporate name or jurisdiction name as entry element جامعة القاهرة
Subordinate unit كلية الحقوق
856 ## - ELECTRONIC LOCATION AND ACCESS
Uniform Resource Identifier <a href="https://fll.law.cu.edu.eg/fulltext/th/T10-04165.pdf">https://fll.law.cu.edu.eg/fulltext/th/T10-04165.pdf</a>
900 ## - Thesis Information
Grant date 01-01-2023
Universities جامعة القاهرة Cairo University
Faculties كلية Faculty of
Department قسم Department of
905 ## - Cataloger and Reviser Names
Cataloger Name: Mohammed Tarek
942 ## - ADDED ENTRY ELEMENTS (KOHA)
Source of classification or shelving scheme Dewey Decimal Classification
Suppress in OPAC No
Koha item type Thesis
Edition 21
Holdings
Source of classification or shelving scheme Collection Home library Current library Date acquired Full call number Barcode Date last seen Copy number Effective from Koha item type
Dewey Decimal Classification القانون الجنائي جــــامعة القــاهرة مكتبة كلية الحقوق - المبنى الرئيسي 10.11.2025 Law1 10 PHD 2025 1004165 C1 T10-04165 10.11.2025 1 10.11.2025 Thesis
Dewey Decimal Classification القانون الجنائي جــــامعة القــاهرة مكتبة كلية الحقوق - المبنى الرئيسي 10.11.2025 Law1 10 PHD 2025 1004166 C2 T10-04166 10.11.2025 2 10.11.2025 Thesis
Dewey Decimal Classification القانون الجنائي جــــامعة القــاهرة مكتبة كلية الحقوق - المبنى الرئيسي 10.11.2025 Law2 10 PHD 2025 1004167 C3 T10-04167 10.11.2025 3 10.11.2025 Thesis

© All rights reserved — Faculty of Law, Cairo University